Simulácia a off-line programovanie priemyselných robotických systémov
Uložené v:
| Hlavný autor: | |
|---|---|
| Ďalší autori: | , |
| Médium: | Kapitola |
| Jazyk: | Slovak |
| Tagy: |
Žiadne tagy, Buďte prvý, kto otaguje tento záznam!
|
MARC
| LEADER | 00000naa a2200000 4500 | ||
|---|---|---|---|
| 001 | 0198367 | ||
| 005 | 20240502073342.5 | ||
| 041 | 0 | |a slo | |
| 044 | |a SK | ||
| 245 | 1 | 0 | |a Simulácia a off-line programovanie priemyselných robotických systémov |c Mikuláš Hajduk, Vladimír Baláž, Naqibullah Daneshjo |
| 100 | 1 | |a Hajduk, Mikuláš | |
| 700 | 1 | |a Baláž, Vladimír | |
| 700 | 1 | |a Daneshjo, Naqibullah, 1964- | |